| 000 | 00383nam a22001337a 4500 | ||
|---|---|---|---|
| 082 |
_a690 _bSAM _cL-14 P-23 |
||
| 100 |
_aSamuely, Felix James _945266 |
||
| 245 |
_aBuilding design and construction _cFelix James Samuely |
||
| 260 |
_aLondon _bChapman & Hall Ltd _c1939 |
||
| 300 | _axi, 350 p. : | ||
| 526 |
_a0 _b0 _c0 _d690_000000000000000_SAM |
||
| 650 |
_aMCE _9379 |
||
| 942 |
_2ddc _cBK |
||
| 999 |
_c548832 _d548832 |
||